Fictional Scientists Quiz Stats

Quiz Updated Nov 12, 2015

Challenge
Share
Tweet
Score 0/16 Timer 05:00
2 Plays Today
Image number Scientist % Correct
Victor Frankenstein
90.5%
The Brain
88.8%
Dr. Sheldon Cooper
87.8%
Dr. Ross Geller
85.6%
Dr. Evil
85.3%
Dr. Emmett Brown
82.7%
Professor Charles Xavier
80.7%
Dana Katherine Scully
76.4%
Image number Scientist % Correct
Doctor Octopus
74.4%
Beaker
68.8%
Reed Richards
59%
Q
47.8%
Professor Hubert J. Farnsworth
36.3%
Professor John Nerdelbaum Frink, Jr
35.8%
Dr. Ivo Robotnik
34.4%
Commander Beverly Crusher, M.D.
33.3%

You're not logged in!

Compare scores with friends on all Sporcle quizzes.
Sign Up with Email
OR
Log In

You Might Also Like...

Show Comments

Extras

Top Quizzes Today


Score Distribution

Your Account Isn't Verified!

In order to create a playlist on Sporcle, you need to verify the email address you used during registration. Go to your Sporcle Settings to finish the process.